000 00316nam a22001337a 4500
008 180312b xxu||||| |||| 00| 0 eng d
020 _a1557985820
041 _aeng
080 _a316
100 _a50
101 _aSOC
245 _aBeyond appearance a new look at adolescent girls
_cJohnson,N.G
942 _2udc
_cBK
999 _c44677
_d44677